AFL Footy Show Lou Richards Medal - Statistics

General Stats
  • This quiz has been taken 23 times
    7 since last reset
  • The average score is 23 of 24
Answer Stats
Year Club Answer % Correct
2005 West Coast Ben Cousins
100%
2021 Melbourne Clayton Oliver
100%
2022 Melbourne Clayton Oliver
100%
2017 Richmond Dustin Martin
100%
2009 Geelong Gary Ablett Jr
100%
2013 Gold Coast Gary Ablett Jr
100%
2012 Essendon Jobe Watson
100%
2020 Brisbane Lachie Neale
100%
2001 Brisbane Michael Voss
100%
2025 Collingwood Nick Daicos
100%
2024 Carlton Patrick Cripps
100%
2016 Geelong Patrick Dangerfield
100%
2019 Geelong Patrick Dangerfield
100%
2011 Hawthorn Sam Mitchell
100%
2015 Hawthorn Sam Mitchell
100%
2014 Collingwood Scott Pendlebury
100%
2018 Hawthorn Tom Mitchell
100%
2000 North Melbourne Wayne Carey
100%
2023 Port Adelaide Zak Butters
100%
2007 North Melbourne Brent Harvey
86%
2008 North Melbourne Brent Harvey
86%
2010 Collingwood Dane Swan
86%
2006 Western Bulldogs Scott West
71%
2002 Sydney Paul Williams
29%
No matching quizzes found
Score Distribution
Percent of People with Each Score
Percentile by Number Answered
Your Score History
You have not taken this quiz since the last reset